Prison Break Characters - Season Two - Statistics

General Stats
  • This quiz has been taken 756 times
    177 since last reset
  • The average score is 13 of 18
Answer Stats
# Hint Answer % Correct
3 Escaped prison to win back his ex-fiance Maricruz Fernando Sucre
99%
1 Leads the Fox River escapees in their escape. Michael Scofield
99%
2 Wrongfully convicted for killing #17's brother Lincoln Burrows
97%
7 Murderer and paedophile, continuing with his crimes after he escapes T-Bag
93%
5 Fired from his role as Captain CO and later works for the FBI Brad Bellick
90%
9 After aiding the escape she has to face the consequences Dr Sara Tancredi
90%
4 Son of #2 LJ Burrows
90%
10 Leads the hunt for the Fox River Eight Alex Mahone
86%
8 Escaped prison to be with his family C-Note
84%
6 Secret Service Agent with a mixed relationship with The Company Paul Kellerman
80%
16 Young thief escapee David Apolskis
72%
14 Clinically insane escapee Haywire
72%
17 Becomes President of the US Caroline Reynolds
57%
15 Father of #1 and #2 Aldo Burrows
51%
18 Father of #9 and is killed for gathering information on The Company Frank Tancredi
47%
11 Company agent constantly locked horns with the above Bill Kim
45%
13 Head of The Company General Jonathan Krantz
40%
12 Former CO at Fox River, goes after the escapees looking for the money Roy Geary
31%
No matching quizzes found
Score Distribution
Percent of People with Each Score
Percentile by Number Answered
Your Score History
You have not taken this quiz since the last reset